Trí thông minh tích cực = Positive intelligence

Nội dung cuốn sách sẽ giúp bạn " chỉ mặt dặt tên" những kẻ phá hoại đang hoành hành trong tâm trí bạn, cách chúng "phỉnh phờ" để bạn đi theo chúng, đồng thời hướng dẫn bạn cách kiểm soát chúng để xây dựng trí thông minh tích...

Popoln opis

Shranjeno v:
Bibliografske podrobnosti
Glavni avtor: Chamine, Shirzad.
Format: Knjiga
Jezik:Undetermined
Izdano: Hà Nội Thế giới 2016
Teme:
Oznake: Označite
Brez oznak, prvi označite!
Thư viện lưu trữ: Trung tâm Học liệu Trường Đại học Cần Thơ
LEADER 00974nam a2200205Ia 4500
001 CTU_221015
008 210402s9999 xx 000 0 und d
020 |c 79000 
082 |a 150.198 
082 |b C448 
100 |a Chamine, Shirzad. 
245 0 |a Trí thông minh tích cực = 
245 0 |b Positive intelligence 
260 |a Hà Nội 
260 |b Thế giới 
260 |c 2016 
520 |a Nội dung cuốn sách sẽ giúp bạn " chỉ mặt dặt tên" những kẻ phá hoại đang hoành hành trong tâm trí bạn, cách chúng "phỉnh phờ" để bạn đi theo chúng, đồng thời hướng dẫn bạn cách kiểm soát chúng để xây dựng trí thông minh tích cực. 
650 |a Positive psychology.,Success in business,Tâm lý học tích cực.,Thành công trong kinh doanh 
904 |i Tuyến 
980 |a Trung tâm Học liệu Trường Đại học Cần Thơ